1894 1411 1543 1126 1603 1715 1325 1902 1960 1219 1943 1510 1514 1558 1646 1169 1244 1752 1979 1984 1736 1056 1608 1552 1932 1454 1003 1054 1692 1812 1071 1877 1562 1101 1506 1122 1784 1303 1136 1961 1626 1943 1379 1147 1608 1408 1941 1995 1914 1043 1182 1661 1345 1359 1819 1551 1734 1075 1490 1184 1181 1778 1877 1625 1870 1209 1835 1018 1835 1661 1697 1099 1705 1544 1397 1293 1319 1700 1844 1986 1993 1765 1065 1006 1160 1554 1880 1287 1828 1780 1559 1803 1144 1074 1827 1702 1255 1647 1250 BCNSPRNW ULIB Ver.6.0+V

เปลี่ยนเป็นภาษาไทย

Change to English
 แสดงรายละเอียดบรรณานุกรม
  กลับหน้าหลัก

Brief Record : Get Marc (ISO 2709) : E-mail record : QR code < ปิดหน้าต่าง
LEADER : 00000nam 2200000uu 4500
001    13399114032
003     ULIB
008    120124s||||||||th 000 0 tha d
020    ^a97897499628
090    ^aนว.^bป12ฝ
100 0  ^aPark...
245 00 ฝากรักไว้ที่ปลายฟ้า 2 = Starirway to heaven/^cPark...
260    ^aกรุงเทพฯ :^bแจ่มใส,^c2547
300    ^a263 หน้า
710 1  ^aแจ่มใส
945    ^p0^l0^i018801
995    ^aเกษร
999    ^aใช้งานได้ทุกระบบ
รายการนี้ยังไม่มีแท็ก
คุณยังไม่ได้ล็อกอิน คุณสามารถมีกิจกรรมร่วมกับเว็บไซต์ได้ แต่ต้องล็อกอินก่อน ::
  ล็อกอิน

รายการสื่อสารสนเทศ

ลำดับที่ ประเภท เลขเรียก/บาร์โค้ด สถานที่ สถานะ
1. นวนิยาย
นวนิยาย
นว. ป12ฝ ฉ.1 
  Barcode: 018801
ห้องสมุดวิทยาเขตสวรรค์ประชารักษ์
►นวนิยาย
บนชั้น
  ขอยืม

BibComment


ยังไม่เคยถูกคอมเมนท์

คอมเมนท์ทรัพยากรรายการนี้
  คอมเมนท์: ฝากรักไว้ที่ปลายฟ..


 Copyright 2026. Bcnsprnw @Library